Dalmát tengerpart címmel dr. Jakucs László egyetemi docens tart... [rövid hír] /
Elmentve itt :
| Szerző: | |
|---|---|
| Dokumentumtípus: | Cikk |
| Megjelent: |
1965-03-17
|
| Sorozat: | Délmagyarország
|
| Kulcsszavak: | Turizmus külföld előadás 1965, Előadás - ismeretterjesztő |
| Online Access: | http://dmarchiv.bibl.u-szeged.hu/55475 |
| LEADER | 00548nab a2200157 i 4500 | ||
|---|---|---|---|
| 001 | delm55475 | ||
| 005 | 20180927141850.0 | ||
| 008 | 180927s1965 hu o 0|| hun d | ||
| 040 | |a SZTE Délmagyarország Archívum |b hun | ||
| 041 | |a hun | ||
| 100 | 1 | |a Jakucs László | |
| 245 | 1 | 0 | |a Dalmát tengerpart címmel dr. Jakucs László egyetemi docens tart... |h [elektronikus dokumentum] : |b [rövid hír] / |c Jakucs László |
| 260 | |c 1965-03-17 | ||
| 300 | |a 4 | ||
| 490 | 0 | |a Délmagyarország | |
| 695 | |a Turizmus külföld előadás 1965, Előadás - ismeretterjesztő | ||